| 000 -ლიდერი |
| ფიქსირებული სიგრძის საკონტროლო ველი |
01450nam a2200253Ia 4500 |
| 001 - საკონტროლო ნომერი |
| საკონტროლო ველი |
10447 |
| 003 - საკონტროლო ნომრის იდენტიფიკატორი |
| საკონტროლო ველი |
GE_BSU |
| 005 - ბოლო ოპერაციის თარიღი და დრო |
| საკონტროლო ველი |
20240614120644.0 |
| 008 - ფიქსირებული სიგრძის მონაცემთა ელემენტები - ზოგადი ინფორმაცია |
| ფიქსირებული სიგრძის საკონტროლო ველი |
181216s2014||||ge |||||||||||||| ||geo|| |
| 020 ## - წიგნის საერთაშორისო სტანდარტული ნომერი |
| International Standard Book Number |
9789941064524 |
| 040 ## - კატალოგიზაციის წყარო |
| Transcribing agency |
GE_BSU |
| 041 ## - ენის კოდი |
| Language code of text/sound track or separate title |
geo |
| 080 ## - უნივერსალური ათობითი კლასიფიკაციის ინდექსი |
| Universal Decimal Classification number |
821.353.1.09–91 დ–40 |
| 100 ## - მთავარი ჩანაწერი - პიროვნების სახელი |
| Personal name |
დეკანოზიშვილი, ქეთევან |
| 9 (RLIN) |
22437 |
| 245 ## - ცნობა სათაურის შესახებ |
| Title |
სიკეთის ესთეტიკა : |
| Remainder of title |
ლიტერატურულ–ფოლკლორისტული ნარკვევები / |
| Statement of responsibility, etc |
ქეთევან დეკანოზიშვილი ; სამეცნ. რედ. თინა შიოშვილი ; რეზ. თარგმანი ნათია ჭიღვარია. |
| 264 ## - წარმოების, გამოცემის, დისტრიბუციის და სხვა ცნობები |
| გამოცემის, წარმოების, დისტრიბუციის... ადგილი |
ქუთაისი : |
| გამოცემის, წარმოების, დისტრიბუციის... სახელწოდება |
საგამომცემლო ცენტრი.შპს "ხომლიენის" სტამბა, |
| გამოცემის, წარმოების, დისტრიბუციის... თარიღი |
2014. |
| 300 ## - ფიზიკური აღწერა |
| Extent |
343 გვ. ; |
| Dimensions |
21 სმ. |
| 520 ## - SUMMARY, ETC. |
| Summary, etc |
რეზიუმე ინგლისურ ენაზე |
| 653 ## - INDEX TERM--UNCONTROLLED |
| Uncontrolled term |
ლიტერატურულ–ფოლკლორისტული ნარკვევები |
| 653 ## - INDEX TERM--UNCONTROLLED |
| Uncontrolled term |
სიკეთის ესთეტიკა |
| 700 ## - ADDED ENTRY--PERSONAL NAME |
| Personal name |
შიოშვილი, თინა |
| Relator term |
რედაქტორი |
| 9 (RLIN) |
22438 |
| 700 ## - ADDED ENTRY--PERSONAL NAME |
| Personal name |
ჭიღვარია, ნათია |
| Relator term |
მთარგმნელი |
| 9 (RLIN) |
22439 |
| 942 ## - ADDED ENTRY ELEMENTS (KOHA) |
| Koha item type |
წიგნი |
| Source of classification or shelving scheme |
|